Derecho privado romano Tomo I

Bibliographic Details
Main Author: Guzmǹ Brito, Alejandro
Format: Book
Language:Spanish
Published: Barcelona [etc.] : Editorial Jurd̕ica de Chile, 1996
Series:Tratados
Subjects:
Online Access:Acceso restringido

MARC

LEADER 00000nam a2200000 a 4500
005 20120320130451.0
007 cr|||| ||||
008 980309s1996 sp |||||| 000 ||spa|c
020 |a 9561011271 
035 |a 6202 
040 |d vLex 
080 |a 347(37) 
090 |c 3064  |d 3064 
100 1 |a Guzmǹ Brito, Alejandro 
245 1 0 |a Derecho privado romano  |h [Recurso electrn̤ico] /  |c Alejandro Guzmǹ Brito  |p Tomo I 
256 |a Servicio en ln̕ea 
260 |a Barcelona [etc.] :  |b Editorial Jurd̕ica de Chile,  |c 1996 
300 |a 1 recurso electrn̤ico 
490 0 |a Tratados 
500 |a Examina extensamente y con un mťodo riguroso todas las instituciones propias del derecho romano; las acciones y el proceso; el derecho de las personas y la familia; el derecho de las cosas y su dominio; posesin̤, uso y goce; el derecho de las obligaciones y sucesin̤ por causa de muerte. Contenido: Sn̕tesis histr̤ica del Derecho Romano; Las acciones y el proceso; El derecho de las personas y de la familia; El derecho de las cosas y de su dominio, posesin̤, uso y goce; El derecho de las obligaciones; El derecho de la sucesin̤ por causa de muerte; El derecho de las liberalidades. 
504 |a Bibliografa̕ 
505 8 |a Contiene: V. 1: Sn̕tesis histr̤ica del derecho romano ; Las acciones y el proceso ; El derecho de las personas y de la familia... V. 2: El derecho de las obligaciones (capt̕ulos IV a IX) ; El derecho de la sucesin̤ por causa de muerte ; El derecho de las liberalidades 
506 0 |a Contenido solo disponible en los productos indicados  |d vLex Global   |d vLex Global (Academic Edition, excluding Law Schools)   |d vLex Global (U.S. Academic Edition, Law Schools)   |d vLex Global (U.S. Academic Edition, excluding Law Schools)   |d vLex Global (Academic Edition, Law Schools)  
650 0 4 |a Derecho civil (Derecho romano) 
650 0 4 |a Derecho romano 
740 |a vLex Libros (Servicio en ln̕ea) 
856 4 0 |u http://vlex.com/source/derecho-privado-romano-tomo-i-6202  |z Acceso restringido 
942 |c BOOK 
999 0 |a Civil law 
999 0 |a Roman law